| LEADER | 00508cam a2200157 7i4500 | ||
|---|---|---|---|
| 001 | 0000029983 | ||
| 005 | 20130829090000.0 | ||
| 020 | 0 | 0 | |a 9789295044401 |
| 090 | 0 | 0 | |a I 338.4791 |b WOR |
| 110 | 2 | 0 | |a World Economic Forum |
| 245 | 2 | 0 | |a The Travel & tourism competitiveness report 2013 : |b reducing barriers to economic growth and job creation. |
| 260 | 0 | 0 | |a Geneva: |b World Economic Forum, |c 2013. |
| 300 | # | # | |a 484 p. |
| 650 | 0 | 0 | |a Tourism |
| 650 | 0 | 0 | |a Travel |
| 999 | |a 0000033202 |b Book |c International |e Business Information Centre | ||


